000 00617nam a2200229Ia 4500
005 20260429112251.0
008 260429s9999||||xx |||||||||||||| ||und||
020 _a9780367244248
041 _aEnglish
082 _a338.9
_bDAU
100 _aDauncey, Emil
245 0 _aCompanion to development studies /
_cEmil Dauncey
250 _a4th ed.
260 _aLondon :
_bRoutledge,
_c2024.
300 _axxv, 563 p.; pbk
650 _a Economic development
650 _a Sustainable development
650 _aDevelopment studies
700 _a Desai, Vandana
700 _a Potter, Robert B.
942 _cTB
999 _c53216
_d53216